Top 10 Utah Jazz NBA Starters - Statistics

General Stats
  • This quiz has been taken 231 times
  • The average score is 13 of 24
Answer Stats
Team Player % Correct
1991-92, 1993-94, 1995-96, 1996-97, 1997-98, 1998-99, 1999-00 John Stockton
99%
1991-92, 1993-94, 1995-96, 1996-97, 1997-98, 1998-99, 1999-00 Karl Malone
99%
1991-92, 1993-94 Jeff Malone
98%
2020-21 Donovan Mitchell
95%
2020-21 Rudy Gobert
94%
2006-07, 2007-08 Deron Williams
81%
1991-92 Mark Eaton
76%
2020-21 Mike Conley
76%
1995-96, 1996-97, 1997-98, 1998-99, 1999-00 Jeff Hornacek
72%
2006-07, 2007-08 Andrei Kirilenko
71%
2006-07, 2007-08 Carlos Boozer
63%
1996-97, 1998-99 Greg Ostertag
56%
1993-94, 1996-97, 1998-99, 1999-00 Bryon Russell
54%
2020-21 Bojan Bogdanović
50%
2006-07, 2007-08 Mehmet Okur
42%
2020-21 Royce O'Neale
40%
1997-98 Greg Foster
20%
2006-07 Derek Fisher
11%
1999-00 Olden Polynice
11%
1997-98 Adam Keefe
10%
1995-96 David Benoit
10%
1993-94, 1995-96 Felton Spencer
10%
2007-08 Ronnie Brewer
9%
1991-92 Blue Edwards
4%
No matching quizzes found
Score Distribution
Percent of People with Each Score
Percentile by Number Answered
Your Score History
You have not taken this quiz